01425nam a2200265 a 4500001001000000003000900010005001700019008004100036020001500077040002500092082002300117245010300140250001800243260006700261300013400328650005200462650002800514700004500542942001400587952014800601952013700749952012800886952012801014999001701142000032902DO-SdBNP20250702103250.0110801s2007 sp d 000 0 spa d a9684182155 aDO-SdBNPbspacBNPHU 4aR 036.1bG748d22200aGran diccionario enciclopédico Time Life /crealización editorial, Jorge Hernán López Cano a2a. edición aMexíco, D.F. :bEdiciones Culturales Internacionales,c2007. a1158, xxxii páginas : bilustraciones en color, mapas, retratos algunos en color ;c27 cm +e 1 CD-ROM (4 3/4 plg) en bolsillo. 4aEnciclopedias y diccionarios españoles 92045 4aEspañolvDiccionarios12aLópez Cano, Jorge Hernáneed.958667 2ddccLBS1 00102ddc56708GR-RaBNPHUbBNPHUcHDd2014-07-07l0oBNPHU R-GR 036.1 G748dp32902-30r2020-06-25te.3w2020-06-25yLBS1ZPréstamo en sala 00102ddc56708GR-RaBNPHUbBNPHUcHDd2011-08-01l0oBNPHU R-GR 036.1 G748dp32902-10r2020-06-25w2020-06-25yLBS1ZNo se presta 00102ddc56708GR-RaBNPHUbBNPHUcHDd2024-11-08l0oBNPHU R-GR 036.1 G748dp32902-20r2024-11-08te.2w2024-11-08yLBS1 00102ddc56708GR-RaBNPHUbBNPHUcHDd2024-11-12l0oBNPHU R-GR 036.1 G748dp32902-40r2024-11-12te.4w2024-11-12yLBS1 c32393d32393